ARRUPE JESUIT UNIVERSITY

CORONAVIRUS -STOP THE SPREAD - CLEAN,DISINFECT,COVER

The economic analysis of technological change. (Record no. 131865)

MARC details
000 -LEADER
fixed length control field 00463nam a22001457a 4500
008 - FIXED-LENGTH DATA ELEMENTS--GENERAL INFORMATION
fixed length control field 240415b |||||||| |||| 00| 0 eng d
020 ## - INTERNATIONAL STANDARD BOOK NUMBER
International Standard Book Number 0198771932
050 ## - LIBRARY OF CONGRESS CALL NUMBER
Classification number HD45.S84 1983
100 ## - MAIN ENTRY--PERSONAL NAME
Personal name Stoneman Paul.
9 (RLIN) 52647
245 ## - TITLE STATEMENT
Title The economic analysis of technological change.
Statement of responsibility, etc Paul Stone.
300 ## - PHYSICAL DESCRIPTION
Extent x,
Other physical details 272p,
Dimensions 24cm.
650 ## - SUBJECT ADDED ENTRY--TOPICAL TERM
Form subdivision technological innovations,
General subdivision economic aspects.
9 (RLIN) 18279
650 ## - SUBJECT ADDED ENTRY--TOPICAL TERM
Form subdivision diffusion of innovations.
9 (RLIN) 47422
942 ## - ADDED ENTRY ELEMENTS (KOHA)
Source of classification or shelving scheme Library of Congress Classification
Item type Monograph ( Printed materials)
Holdings
Withdrawn status Lost status Source of classification or shelving scheme Damaged status Not for loan Home library Current library Shelving location Date acquired Total Checkouts Full call number Barcode Date last seen Price effective from Koha item type
    Library of Congress Classification     ARRUPE LIBRARY ARRUPE LIBRARY Main Collection 15/04/2024   HD45.S84 1983 46700000163 15/04/2024 15/04/2024 Monograph ( Printed materials)

 

Arrupe Library. PO Box MP320 Mt Pleasant, Harare, Zimbabwe
263 242 745411|librarian@aju.ac.zw